|
|
|
|
| LEADER |
00000nab a2200000 a 4500 |
| 001 |
vtls000851722 |
| 003 |
SK-MaSNL |
| 005 |
20260302165209.0 |
| 008 |
161006c2002 xo 0 cze |
| 015 |
|
|
|a SNBRA2003/11-31649
|
| 035 |
|
|
|a CLN000203377
|
| 040 |
|
|
|a SNKBUCL
|b slo
|c SNKBUCL
|e AACR2
|
| 041 |
0 |
|
|a slo
|
| 044 |
|
|
|a xo
|c SK
|
| 080 |
|
|
|a 371.3:004
|2 1997
|
| 080 |
|
|
|a 004
|2 1997
|
| 100 |
1 |
|
|a Lisalová, Jitka
|4 aut
|9 869394
|
| 245 |
1 |
0 |
|a Distanční texty na CD-ROM
|c Jitka Lisalová
|
| 300 |
|
|
|b Tab.
|
| 504 |
|
|
|a Bibliogr. odkazy
|
| 650 |
0 |
7 |
|a CD-ROM
|2 SNKPH
|9 1834
|
| 650 |
0 |
7 |
|a dištančné vzdelávanie
|2 SNKPH
|9 4329
|
| 655 |
|
7 |
|a články zo zborníkov
|2 SNKPH
|9 166140
|
| 773 |
0 |
|
|z 8071009415
|t Elearn
|d Žilina : Žilinská univerzita, 2002
|g S. 74-78
|
| 850 |
|
|
|a Slovenská národná knižnica v Martine
|
| 852 |
|
|
|a SNK
|b KIS3GCP
|
| 958 |
|
|
|a NB
|
| 999 |
|
|
|c 1389148
|d 1391078
|